Решение задачи кластеризации данных с использованием Windows HPC Server; Молодежь и современные информационные технологии

Podrobná bibliografie
Parent link:Молодежь и современные информационные технологии.— 2013.— [С. 165-166]
Hlavní autor: Лайком Д. Н. Дмитрий Николаевич
Korporativní autor: Национальный исследовательский Томский политехнический университет (ТПУ) Институт кибернетики (ИК) Кафедра оптимизации систем управления (ОСУ)
Další autoři: Аксёнов С. В. Сергей Владимирович (научный руководитель)
Shrnutí:Заглавие с титульного экрана
Jazyk:ruština
Vydáno: 2013
Edice:Математическое моделирование и компьютерный анализ данных
Témata:
On-line přístup:http://earchive.tpu.ru/handle/11683/70412
http://www.lib.tpu.ru/fulltext/c/2013/C04/072.pdf
Médium: MixedMaterials Elektronický zdroj Kapitola
KOHA link:https://koha.lib.tpu.ru/cgi-bin/koha/opac-detail.pl?biblionumber=603715

MARC

LEADER 00000naa2a2200000 4500
001 603715
005 20260204130133.0
035 |a (RuTPU)RU\TPU\conf\913 
035 |a RU\TPU\conf\912 
090 |a 603715 
100 |a 20140201d2013 k y0rusy50 ca 
101 0 |a rus 
102 |a RU 
135 |a drnn ---uucaa 
181 0 |a i  
182 0 |a b 
200 1 |a Решение задачи кластеризации данных с использованием Windows HPC Server  |f Д. Н. Лайком  |g науч. рук. С. В. Аксёнов 
203 |a Текст  |c электронный 
225 1 |a Математическое моделирование и компьютерный анализ данных 
300 |a Заглавие с титульного экрана 
320 |a [Библиогр.: с. 166 (3 назв.)] 
337 |a Adobe Reader 
463 1 |0 (RuTPU)RU\TPU\conf\515  |t Молодежь и современные информационные технологии  |o сборник трудов XI Международной научно-практической конференции студентов, аспирантов и молодых ученых, г. Томск, 13-16 ноября 2013 г.  |f Национальный исследовательский Томский политехнический университет (ТПУ) ; под ред. Е. А. Сикоры и др.  |v [С. 165-166]  |d 2013 
610 1 |a труды учёных ТПУ 
610 1 |a электронный ресурс 
610 1 |a кластеризация данных 
610 1 |a Windows HPC Server 
610 1 |a Server 
610 1 |a кластерный анализ 
610 1 |a вычислительные ресурсы 
700 1 |a Лайком  |b Д. Н.  |c специалист в области информатики и вычислительной техники  |c инженер Томского политехнического университета  |f 1991-  |g Дмитрий Николаевич  |3 (RuTPU)RU\TPU\pers\31603 
702 1 |a Аксёнов  |b С. В.  |c специалист в области информатики и вычислительной техники  |c доцент Томского политехнического университета, кандидат технических наук  |f 1983-  |g Сергей Владимирович  |4 727 
712 0 2 |a Национальный исследовательский Томский политехнический университет (ТПУ)  |b Институт кибернетики (ИК)  |b Кафедра оптимизации систем управления (ОСУ)  |3 (RuTPU)RU\TPU\col\18702 
801 2 |a RU  |b 63413507  |c 20220328  |g RCR 
856 4 |u http://earchive.tpu.ru/handle/11683/70412 
856 4 |u http://www.lib.tpu.ru/fulltext/c/2013/C04/072.pdf 
942 |c CF